| 000 | 00523nam a22001937a 4500 | ||
|---|---|---|---|
| 008 | 131107b xxu||||| |||| 00| 0 alb d | ||
| 020 | _a9789994345175 | ||
| 041 | 0 | _aalb | |
| 080 | _a331.07 | ||
| 100 | _aLame, Perlat | ||
| 245 |
_aAdministrimi i punës sociale / _cPerlat Lame. |
||
| 260 |
_aTiranë : _balbPAPER ; _c2007. |
||
| 300 |
_a295 f. : _bme il. ; _c20 cm. |
||
| 500 | _aParathënie : f. 3 - 4 | ||
| 505 | _aLiteratura kryesore : f. 295 | ||
| 650 | _aAdministrimi | ||
| 650 | _aPuna sociale | ||
| 942 |
_2udc _cBK |
||
| 999 |
_c249 _d249 |
||